[Event "Oceania zt 3.6"]
[Site "Auckland"]
[Date "2017.01.18"]
[Round "7"]
[White "Yung, Cameron"]
[Black "Cooper, Nigel"]
[Result "1/2-1/2"]
[WhiteElo "1862"]
[BlackElo "1643"]
[PlyCount "89"]
[EventDate "2017.01.14"]
[EventType "swiss"]
[EventRounds "9"]
[EventCountry "NZL"]
[SourceTitle "EXT 2018"]
[Source "ChessBase"]
[SourceDate "2017.10.13"]
[SourceVersion "1"]
[SourceVersionDate "2017.10.13"]
[SourceQuality "1"]

1. e4 e5 2. Nf3 Nc6 3. Bb5 a6 4. Bxc6 dxc6 5. d4 exd4 6. Qxd4 Qxd4 7. Nxd4 Bd7 8. Nc3 0-0-0 9. Be3 Nf6 10. f3 h6 11. h4 Bd6 12. 0-0-0 Rhe8 13. Nde2 h5 14. Bg5 Be7 15. Nf4 g6 16. e5 Nh7 17. Bxe7 Rxe7 18. Nd3 b6 19. f4 Bg4 20. Rde1 Bf5 21. Nf2 Rd4 22. g3 f6 23. exf6 Rxe1+ 24. Rxe1 Nxf6 25. Rd1 Rxd1+ 26. Kxd1 Kd7 27. a3 Kd6 28. Kd2 Kc5 29. Ncd1 Ne4+ 30. Nxe4+ Bxe4 31. Kc3 a5 32. Ne3 b5 33. b4+ axb4+ 34. axb4+ Kd6 35. Kd4 Bf3 36. c3 Be2 37. Nc2 Bd1 38. Na3 Be2 39. Nb1 Bf3 40. Nd2 Bd5 41. Nf1 Bc4 42. Ne3 Be6 43. Nf1 Bc4 44. Nd2 Bd5 45. Nf1 1/2-1/2

[Event "Oceania zt 3.6"]
[Site "Auckland"]
[Date "2017.01.17"]
[Round "6"]
[White "Archer, Saffron"]
[Black "Yung, Cameron"]
[Result "0-1"]
[WhiteElo "1417"]
[BlackElo "1862"]
[PlyCount "60"]
[EventDate "2017.01.14"]
[EventType "swiss"]
[EventRounds "9"]
[EventCountry "NZL"]
[SourceTitle "EXT 2018"]
[Source "ChessBase"]
[SourceDate "2017.10.13"]
[SourceVersion "1"]
[SourceVersionDate "2017.10.13"]
[SourceQuality "1"]

1. e4 e5 2. Nf3 Nc6 3. Nc3 Nf6 4. d4 d6 5. d5 Nb8 6. Bc4 Bg4 7. 0-0 Be7 8. Qe2 Qc8 9. Bb3 0-0 10. Rd1 Ne8 11. h3 Bxf3 12. Qxf3 f5 13. Ne2 f4 14. c4 Na6 15. Bd2 Nf6 16. Bc2 Kh8 17. b4 g5 18. Bc3 Rg8 19. Kf1 g4 20. hxg4 Rxg4 21. Ke1 Qg8 22. g3 fxg3 23. Nxg3 Rf4 24. Qd3 Ng4 25. Rd2 Bh4 26. Nh1 Raf8 27. Kd1 Nxf2+ 28. Nxf2 Qg1+ 29. Ke2 Rxf2+ 30. Ke3 R8f3# 0-1

[Event "Oceania zt 3.6"]
[Site "Auckland"]
[Date "2017.01.15"]
[Round "2"]
[White "Prasad, Rudr"]
[Black "Yung, Cameron"]
[Result "1/2-1/2"]
[WhiteElo "1566"]
[BlackElo "1862"]
[PlyCount "58"]
[EventDate "2017.01.14"]
[EventType "swiss"]
[EventRounds "9"]
[EventCountry "NZL"]
[SourceTitle "EXT 2018"]
[Source "ChessBase"]
[SourceDate "2017.10.13"]
[SourceVersion "1"]
[SourceVersionDate "2017.10.13"]
[SourceQuality "1"]

1. d4 d5 2. c4 e6 3. Nc3 f5 4. Bf4 c6 5. e3 Nf6 6. Nf3 Bd6 7. Bxd6 Qxd6 8. cxd5 exd5 9. Bd3 0-0 10. 0-0 Ne4 11. Qb3 Kh8 12. Rad1 Nd7 13. Nd2 Rf6 14. f3 Nxc3 15. Qxc3 Rh6 16. f4 Nf6 17. Nf3 Ne4 18. Bxe4 fxe4 19. Ne5 Kg8 20. Rf2 Bd7 21. h3 Rf8 22. Kh2 g5 23. g4 Rh4 24. Rg1 Bc8 25. f5 Rf6 26. a3 b6 27. b4 Ba6 28. Rg3 Rfh6 29. Kg2 Bb7 1/2-1/2

[Event "Oceania zt 3.6"]
[Site "Auckland"]
[Date "2017.01.14"]
[Round "1"]
[White "Yung, Cameron"]
[Black "Illingworth, Max"]
[Result "0-1"]
[WhiteElo "1862"]
[BlackElo "2481"]
[PlyCount "48"]
[EventDate "2017.01.14"]
[EventType "swiss"]
[EventRounds "9"]
[EventCountry "NZL"]
[SourceTitle "CBM 176 Extra"]
[Source "ChessBase"]
[SourceDate "2017.03.02"]
[SourceVersion "1"]
[SourceVersionDate "2017.03.02"]
[SourceQuality "1"]

1. e4 e6 2. Qe2 Nc6 3. Nf3 e5 4. d3 Nf6 5. Bg5 h6 6. Bh4 Be7 7. Nc3 d6 8. h3 Be6 9. Bxf6 Bxf6 10. Nd5 0-0 11. g4 Bxd5 12. exd5 Nb4 13. c4 Nxd3+ 14. Qxd3 e4 15. Qc2 exf3 16. 0-0-0 c5 17. Qf5 Qb6 18. Qc2 Rfe8 19. h4 Qa5 20. Kb1 Re1 21. Bd3 Rae8 22. Rhxe1 Rxe1 23. h5 Qb4 24. Kc1 Bxb2+ 0-1

[Event "AUS-ch U16"]
[Site "Wahroonga"]
[Date "2014.01.18"]
[Round "8"]
[White "Yung, Cameron"]
[Black "Jiang, Vincent"]
[Result "1-0"]
[WhiteElo "1697"]
[BlackElo "1578"]
[PlyCount "55"]
[EventDate "2014.01.11"]
[EventType "swiss"]
[EventRounds "9"]
[EventCountry "AUS"]
[SourceTitle "EXT 2020"]
[Source "ChessBase"]
[SourceDate "2019.10.17"]
[SourceVersion "1"]
[SourceVersionDate "2019.10.17"]
[SourceQuality "1"]

1. e4 c5 2. Nf3 d6 3. d4 cxd4 4. Nxd4 Nf6 5. Nc3 g6 6. Be3 Bg7 7. f3 Nc6 8. Qd2 0-0 9. 0-0-0 d5 10. exd5 Nxd5 11. Nxc6 bxc6 12. Bd4 e5 13. Bc5 Be6 14. Bc4 Rb8 15. Bxd5 cxd5 16. Nxd5 e4 17. c3 Qa5 18. Bxf8 Qxa2 19. Ba3 Bf8 20. Qf4 Rb3 21. Nf6+ Kh8 22. Rd8 Rxc3+ 23. bxc3 Qxa3+ 24. Kd2 Qb2+ 25. Ke1 Kg7 26. Nh5+ Kg8 27. Rxf8+ Kxf8 28. Qd6+ 1-0

[Event "AUS-ch U16"]
[Site "Wahroonga"]
[Date "2014.01.16"]
[Round "5"]
[White "Yung, Cameron"]
[Black "Carolin Unkovich, George"]
[Result "0-1"]
[WhiteElo "1697"]
[BlackElo "1819"]
[PlyCount "60"]
[EventDate "2014.01.11"]
[EventType "swiss"]
[EventRounds "9"]
[EventCountry "AUS"]
[SourceTitle "EXT 2020"]
[Source "ChessBase"]
[SourceDate "2019.10.17"]
[SourceVersion "1"]
[SourceVersionDate "2019.10.17"]
[SourceQuality "1"]

1. e4 c5 2. Nf3 d6 3. d4 cxd4 4. Nxd4 Nf6 5. Nc3 a6 6. g3 e5 7. Nde2 Be6 8. Bg2 h5 9. Bg5 Nbd7 10. h3 b5 11. Qd2 Be7 12. Bxf6 Nxf6 13. f4 Nd7 14. Nd5 Bxd5 15. Qxd5 Rc8 16. c3 Qb6 17. a3 exf4 18. Rf1 Nf6 19. Qf5 Rc5 20. Qxf4 0-0 21. Nd4 g6 22. h4 a5 23. Qd2 Re5 24. Rf4 d5 25. 0-0-0 dxe4 26. Re1 b4 27. axb4 axb4 28. Bxe4 bxc3 29. bxc3 Ba3+ 30. Kd1 Nxe4 0-1

[Event "AUS-ch U16"]
[Site "Wahroonga"]
[Date "2014.01.15"]
[Round "4"]
[White "Yung, Cameron"]
[Black "Han, Eddie"]
[Result "0-1"]
[WhiteElo "1697"]
[BlackElo "1725"]
[PlyCount "76"]
[EventDate "2014.01.11"]
[EventType "swiss"]
[EventRounds "9"]
[EventCountry "AUS"]
[SourceTitle "EXT 2020"]
[Source "ChessBase"]
[SourceDate "2019.10.17"]
[SourceVersion "1"]
[SourceVersionDate "2019.10.17"]
[SourceQuality "1"]

1. e4 e6 2. c4 c5 3. Nc3 Nc6 4. Nf3 Nge7 5. d3 a6 6. Be3 d6 7. Ng5 h6 8. Nh3 Nd4 9. f4 Nec6 10. Rc1 b5 11. a3 Rb8 12. g3 bxc4 13. Rb1 cxd3 14. Bxd3 Be7 15. 0-0 0-0 16. f5 Ne5 17. fxe6 Bxe6 18. Nf2 Ndf3+ 19. Kh1 Nxd3 20. Nxd3 Ng5 21. Nf4 Bf6 22. Qd3 Bxc3 23. bxc3 Rxb1 24. Rxb1 Qa8 25. Nxe6 Nxe6 26. Rb6 Rd8 27. Rxa6 Qb7 28. Ra5 d5 29. Ra4 Qc6 30. Qc2 Qb5 31. Kg1 d4 32. cxd4 cxd4 33. Rb4 Qa5 34. Bd2 Qxa3 35. Ra4 Qf3 36. Ra1 d3 37. Qc4 Nd4 38. h4 Ne2+ 0-1

[Event "AUS-ch U12 op"]
[Site "Sandy Bay"]
[Date "2010.01.16"]
[Round "4"]
[White "Yung, Cameron"]
[Black "Cameron, Lachlan"]
[Result "0-1"]
[WhiteElo "965"]
[BlackElo "1154"]
[PlyCount "108"]
[EventDate "2010.01.14"]
[EventType "swiss"]
[EventRounds "11"]
[EventCountry "AUS"]
[SourceTitle "EXT 2011"]
[Source "ChessBase"]
[SourceDate "2010.11.26"]
[SourceVersion "1"]
[SourceVersionDate "2010.11.26"]
[SourceQuality "1"]

1. e4 e6 2. d4 d5 3. e5 c5 4. c3 Nc6 5. Nf3 Qb6 6. Bd3 Bd7 7. Be2 cxd4 8. cxd4 Nge7 9. Nc3 Nf5 10. Nb5 a6 11. Nc3 Ncxd4 12. Nxd4 Nxd4 13. Be3 Bc5 14. Na4 Bxa4 15. Qxa4+ Qc6 16. Qd1 Nxe2 17. Qxe2 d4 18. Bd2 Qxg2 19. 0-0-0 Rc8 20. Kb1 Qd5 21. Rc1 Kd7 22. Rhd1 Ba7 23. Be3 Rxc1+ 24. Bxc1 Rc8 25. Be3 Qe4+ 26. Ka1 Ke8 27. Qd2 Qc2 28. Bf4 Qxd2 29. Bxd2 d3 30. f3 Rd8 31. a4 Rd4 32. b3 Rh4 33. Bg5 Rh5 34. Bf4 Rf5 35. Bg3 Rxf3 36. Kb2 Bd4+ 37. Ka3 a5 38. Rd2 Rf1 39. b4 Bc3 40. Rxd3 Bxb4+ 41. Kb2 Rf5 42. Bh4 g5 43. Bg3 h5 44. h4 g4 45. Kb3 Rf3 46. Rxf3 gxf3 47. Bf2 Ke7 48. Kc4 f6 49. exf6+ Kxf6 50. Kd4 Kf5 51. Ke3 Bc5+ 52. Kxf3 Bxf2 53. Kxf2 Kg4 54. Kg2 e5 0-1